The role of parliament in curbing corruption (Record no. 56692)

MARC details
000 -LEADER
fixed length control field 00896nam a2200217 a 4500
008 - FIXED-LENGTH DATA ELEMENTS--GENERAL INFORMATION
fixed length control field 061128s2006 ||||||||||||||||| || u
020 ## - INTERNATIONAL STANDARD BOOK NUMBER
International Standard Book Number 0821367234
050 ## - LIBRARY OF CONGRESS CALL NUMBER
Classification number JF 1525.C66 Rol
100 ## - MAIN ENTRY--PERSONAL NAME
Personal name Johnston, Niall
245 14 - TITLE STATEMENT
Title The role of parliament in curbing corruption
Statement of responsibility, etc. edited by Rick Stapenhurst;Niall Johnston;Riccardo Pelizzo
260 ## - PUBLICATION, DISTRIBUTION, ETC.
Place of publication, distribution, etc. Washington, D. C.
Name of publisher, distributor, etc. World Bank
Date of publication, distribution, etc. 2006
300 ## - PHYSICAL DESCRIPTION
Extent xii;263p.; ill.
350 ## - PRICE (NR) (BK AM CF MU VM SE) [OBSOLETE]
Price 0.00
490 ## - SERIES STATEMENT
Series statement WBI development studies
650 #0 - SUBJECT ADDED ENTRY--TOPICAL TERM
Topical term or geographic name entry element ECONOMIC DEVELOPMENT--AFRICA, SUB-SAHARAN
650 ## - SUBJECT ADDED ENTRY--TOPICAL TERM
Topical term or geographic name entry element LEGISLATIVE BODIES--DEVELOPING COUNTRIES
650 ## - SUBJECT ADDED ENTRY--TOPICAL TERM
Topical term or geographic name entry element POLITICAL CORRUPTION--DEVELOPING COUNTRIES--PREVENTION
700 ## - ADDED ENTRY--PERSONAL NAME
Personal name Stapenhurst, Rick
700 ## - ADDED ENTRY--PERSONAL NAME
Personal name Pellizo, Riccardo
995 ## - RECOMMENDATION 995 [LOCAL, UNIMARC FRANCE]
-- 0.00
-- CBU-MAIN LIBRARY (Kitwe)
-- 1
-- 0.00
-- 1
-- AVAILABLE
-- Jan 9, 2008
-- Main Library Open Access Collection
Holdings
Withdrawn status Lost status Source of classification or shelving scheme Damaged status Not for loan Home library Current library Shelving location Date acquired Total Checkouts Full call number Barcode Date last seen Price effective from Koha item type
          CBU-MAIN LIBRARY, KITWE. CBU-MAIN LIBRARY, KITWE.   11/30/2022   JF 1525.C66 Rol 52903 11/30/2022 11/30/2022 MONOGRAPH